000 00516nam a2200133 a 4500
005 20140310183139.0
008 030415s19uu xx 00 eng d
050 _aHF 5011
_b.B75 1962 vol.1
245 _aThe World of Business :
_bA selected library of the literature of business from the accounting code of Hamurabi to the 20th century " administrator's prayer" /
_cEdward C. Bursk.
260 _aNew York :
_bSimon & Schuster Inc.,
_c1962.
300 _a673 p. :
_bill. ;
_c23 cm.
942 _cBK
_2lcc
999 _c19365
_d19365